<?xml version="1.0" encoding="UTF-8"?>
<record
    xmlns:xsi="http://www.w3.org/2001/XMLSchema-instance"
    xsi:schemaLocation="http://www.loc.gov/MARC21/slim http://www.loc.gov/standards/marcxml/schema/MARC21slim.xsd"
    xmlns="http://www.loc.gov/MARC21/slim">

  <leader>01083cam9a220025301 4500</leader>
  <controlfield tag="001">lce02697759</controlfield>
  <controlfield tag="005">20190819114845.0</controlfield>
  <controlfield tag="008">891211s1982    at                  eng  </controlfield>
  <datafield tag="010" ind1=" " ind2=" ">
    <subfield code="a">   89215252</subfield>
  </datafield>
  <datafield tag="020" ind1=" " ind2=" ">
    <subfield code="a">1862527520</subfield>
  </datafield>
  <datafield tag="035" ind1=" " ind2=" ">
    <subfield code="a">(Sirsi) r48659</subfield>
  </datafield>
  <datafield tag="035" ind1=" " ind2=" ">
    <subfield code="a">(DLC)   89215252</subfield>
  </datafield>
  <datafield tag="035" ind1=" " ind2=" ">
    <subfield code="a">(UPRA)lce02697759</subfield>
  </datafield>
  <datafield tag="040" ind1=" " ind2=" ">
    <subfield code="a">DLC</subfield>
    <subfield code="c">DLC</subfield>
    <subfield code="d">UPRA</subfield>
  </datafield>
  <datafield tag="050" ind1="0" ind2="0">
    <subfield code="a">MLCM 92/03511 (G)</subfield>
  </datafield>
  <datafield tag="110" ind1="2" ind2=" ">
    <subfield code="b">Regional Conference d8.1..35.7 c8.1..43.15</subfield>
    <subfield code="6">A6717.1</subfield>
  </datafield>
  <datafield tag="245" ind1="1" ind2="0">
    <subfield code="a">Geographical perspectives on development in Southern Africa :</subfield>
    <subfield code="b">papers from the Regional Conference of the Commonwealth Geographic Bureau, Lusaka, 1982 /</subfield>
    <subfield code="c">edited by Geoffrey J. Williams and Adrian P. Wood.</subfield>
  </datafield>
  <datafield tag="260" ind1=" " ind2=" ">
    <subfield code="a">[Australia] :</subfield>
    <subfield code="b">Commonwealth Geographical Bureau at James Cook University of North Queensland, Australia,</subfield>
    <subfield code="c">[1982]</subfield>
  </datafield>
  <datafield tag="500" ind1=" " ind2=" ">
    <subfield code="a">"Papers from the Regional Conference of the Commonwealth Geographical Bureau, Lusaka, 1982."--Cover.</subfield>
  </datafield>
  <datafield tag="700" ind1="1" ind2=" ">
    <subfield code="a">Williams, Geoffrey J.</subfield>
    <subfield code="6">A6718.1</subfield>
  </datafield>
  <datafield tag="700" ind1="1" ind2=" ">
    <subfield code="a">Wood, Adrian P.</subfield>
    <subfield code="6">A6719.1</subfield>
  </datafield>
  <datafield tag="949" ind1=" " ind2=" ">
    <subfield code="a">MLCM 92/03511 (G)</subfield>
    <subfield code="w">lcc</subfield>
    <subfield code="m">MAIN</subfield>
    <subfield code="t">BOOK</subfield>
    <subfield code="l">ON-SHELF</subfield>
  </datafield>
  <controlfield tag="004">48659</controlfield>
  <datafield tag="999" ind1=" " ind2=" ">
    <subfield code="c">109479</subfield>
    <subfield code="d">109479</subfield>
  </datafield>
</record>
